00682 2200229 4500001002100000005001500021035002000036007000300056008004100059020002200100082001100122084001700133100001300150245010200163260005000265300004200315650001400357650001500371700002600386990002000412990002000432INLIS00000000000300820260513064638 a0010-0526000099ta260513 f 0 ind  a978-634-246-030-6 a338.17 a338.17 HAR r0 aHariyono1 aRevolusi Digital Dalam Pertanian :bTransformasi Ekonomi Mikro Agribisnis Di Era Yang Akan Datang aBandung :bPenerbit Widina Media Utama,c2025 avi + 181 hlm. :bilus. ;c15 x 25 cm. 4aPertanian 4aAgribisnis0 aAry Eko Prastya Putra a20260515.01.009 a20260515.01.011